000 00596nam a22001817a 4500
005 20251108164905.0
008 250721s1993 xx 000 0 ara d
082 1 4 _a962.02/وجي
100 1 _aعتيق، وجيه عبد الصادق
245 1 0 _aالجيش المصري و الألمان في أثناء الحرب العالمية الثانية ... /
264 1 _aالقاهرة :
_c1993.
300 _a176ص . 45 p
650 1 7 _aتاريخ مصر
650 1 7 _aالتاريخ السياسي
650 1 7 _aالحرب العالمية 1939-1945
942 _2ddc
_cBK
999 _c16791
_d16791